Statistiken für Kreisfreie Städte in Baden-Württemberg

Klicken Sie hier um das Quiz zu spielen!

Allgemein

  • Dieses Quiz wurde 108 mal gespielt
  • Das Durchschnittsergebnis liegt bei 8 aus 9

Antwortstatistiken

% Korrekt
Karlsruhe
98%
Stuttgart
95%
Freiburg Im Breisgau
94%
Mannheim
94%
Ulm
90%
Heidelberg
88%
Heilbronn
88%
Pforzheim
81%
Baden-Baden
78%

Verteilung der Resultate

Perzentil nach korrekt beantworteten Fragen

Anzahl Personen mit jedem Resultat

Ihre Resultats-Entwicklung

Sie haben dieses Quiz noch nicht gespielt